00538nam a2200181 a 45000010010000000030011000100080041000210350026000620820018000881000023001062450024001292600042001536500024001959420012002199520090002319980020003219990015003410000-9231ELIB.Books110520 1948  a(ELIB.Books)0000-9383 a268.432 bMar aMartin, Mary Grace aWe Worship Together bPhiladelphia: The Judson Press c1948 aChristian Education 2ddccBK 00102ddc4070aKBTSbKBTSd2011-05-20l0p9364r2022-01-22 00:00:00w2022-01-22yBK cbate2011-05-20 c9231d9231